| 000 | 00812nas a2200241 4500 | ||
|---|---|---|---|
| 001 | BR0000561 | ||
| 003 | BR-BrBNA | ||
| 005 | 20231205101649.0 | ||
| 007 | ta | ||
| 008 | 230509b bl.|||p| |||| 00| 00por d | ||
| 040 |
_aBR-BrBNA _bpor _cBiblioteca Nacional de Agricultura |
||
| 041 | _a(Pt) | ||
| 072 | _aF30 | ||
| 100 | 1 | _aFerreira, L.T. | |
| 245 | 1 | _aMicroorganismos que valem milhoes; recursos geneticos microbianos sao importantes para a area industrial, farmaceutica, agropecuaria e de preservacao ambiental | |
| 650 | _aMelhoramento Genetico Vegetal | ||
| 650 | _aBanco de Germoplasma | ||
| 650 | _aMicrorganismo | ||
| 650 | _aRecurso Genetico | ||
| 773 | 0 |
_tAgroanalysis (Brazil) _x _g(Aug 1999), v. 19(8) p. 41-42 _wBR0000561 |
|
| 909 |
_a202311 _bLúcia _c55 _dLúcia Elande |
||
| 942 |
_2AGRIS _n0 _cANA |
||
| 999 |
_c163112 _d163112 |
||